The shortest borders in the world - Statistics

General Stats
  • This quiz has been taken 56 times
  • The average score is 4 of 10
Answer Stats
Length (KM) Length (MI) Answer % Correct
3.2 2 Italy-Vatican City
87%
4.4 2.7 France-Monaco
79%
19 11.8 North Korea-Russia
49%
34.9 21.6 Liechtenstein-Austria
45%
0.15 0.09 Botswana-Zambia
43%
17 10.5 Spain-Morocco
36%
9 5.6 Turkey-Azerbaijan
30%
0.1 0.06 India-Sri Lanka
26%
25 15.5 Croatia-Montenegro
21%
1.2 0.7 United Kingdom-Spain
15%
No matching quizzes found
Score Distribution
Percent of People with Each Score
Percentile by Number Answered
Your Score History
You have not taken this quiz